| 000 | 00543nam a2200181 4500 | ||
|---|---|---|---|
| 005 | 20260428160346.0 | ||
| 008 | 260428b |||||||| |||| 00| 0 eng d | ||
| 020 |
_a97806167125411 _qpbk |
||
| 041 | _aeng | ||
| 082 | _a343.730994 COW | ||
| 100 | _aCowan,Geoffrey | ||
| 245 |
_aSee no Evil _bThe back stage battle over sex and violence on television |
||
| 260 |
_aUnited States of America _bA Touchstone Book _c1980 |
||
| 300 |
_a323p. : _c25cm. |
||
| 504 | _aindex | ||
| 650 | _aMilitary, tax, trade & industrial law | ||
| 942 | _cENGLISH | ||
| 999 |
_c620281 _d620281 |
||